Molecular quantum mechanics
The book covers in a uniform, modern style, from the foundations of quantum mechanics to applications such as spectroscopy and the electric and magnetic properties of matter.
Gardado en:
| Autor Principal: | |
|---|---|
| Formato: | Libro |
| Idioma: | Undetermined |
| Publicado: |
Edinburgh Gate, Halow
Addison-Wesley Longman
1997
|
| Những chủ đề: | |
| Các nhãn: |
Engadir etiqueta
Sen Etiquetas, Sexa o primeiro en etiquetar este rexistro!
|
| Thư viện lưu trữ: | Trung tâm Học liệu Trường Đại học Cần Thơ |
|---|
| LEADER | 00752nam a2200205Ia 4500 | ||
|---|---|---|---|
| 001 | CTU_37712 | ||
| 008 | 210402s9999 xx 000 0 und d | ||
| 020 | |c 675000 | ||
| 082 | |a 530.12 | ||
| 082 | |b A874 | ||
| 100 | |a Atkins, Peter William | ||
| 245 | 0 | |a Molecular quantum mechanics | |
| 245 | 0 | |c Peter William Atkins, R. S. Friedman | |
| 260 | |a Edinburgh Gate, Halow | ||
| 260 | |b Addison-Wesley Longman | ||
| 260 | |c 1997 | ||
| 520 | |a The book covers in a uniform, modern style, from the foundations of quantum mechanics to applications such as spectroscopy and the electric and magnetic properties of matter. | ||
| 650 | |a Mechanics,Physics,Quantum theory | ||
| 904 | |i Minh, Hải | ||
| 980 | |a Trung tâm Học liệu Trường Đại học Cần Thơ | ||